00539nam a22001697a 450000500170000001000150001702000260003203500130005803700130007108200160008410000210010024500820012126000300020327000470023330000390028050000500031920100816103349.0 aENG-100547 a9788170743163c250.00 aEN-84080 bDBAD/PUB a304.8295452 aChatterji, Aditi aEthnicity, migration and the urban landscape of Kolkata /cby Aditi Chatterji aKolkatabK P Bagchic2009 a286, B. B. Ganguli StreetbKolkatae700012 axv,251p.:c24cm (Hb)bill.ephotos aIncludes bibliographical references and index